Select the Languages by Families - Statistics

General Stats
  • This quiz has been taken 548 times
    543 since last reset
  • The average score is 82 of 96
Answer Stats
Question Tile Select % Correct
Romance Languages Arabic No
100%
Romance Languages Farsi No
100%
Romance Languages Korean No
100%
Romance Languages Serbo-Croatian No
100%
Romance Languages Thai No
100%
Romance Languages Turkish No
100%
Romance Languages French Yes
99%
Romance Languages Russian No
99%
Romance Languages Spanish Yes
99%
Germanic Languages French No
98%
Germanic Languages German Yes
98%
Romance Languages Greek No
98%
Germanic Languages Haitian Creole No
98%
Romance Languages Italian Yes
98%
Germanic Languages Mongolian No
98%
Germanic Languages Russian No
98%
Germanic Languages Basque No
97%
Romance Languages English No
97%
Slavic Languages Greek No
97%
Slavic Languages Mongolian No
97%
Germanic Languages Ukrainian No
97%
Slavic Languages Finnish No
95%
Turkic Languages Korean No
95%
Germanic Languages Latvian No
95%
Germanic Languages Lithuanian No
94%
Turkic Languages Nepali No
94%
Turkic Languages Turkish Yes
94%
Slavic Languages Azerbaijani No
93%
Romance Languages Basque No
93%
Germanic Languages English Yes
93%
Germanic Languages Polish No
93%
Romance Languages Portuguese Yes
93%
Austronesian Languages Swahili No
93%
Niger-Congo Languages Arabic No
92%
Turkic Languages Bulgarian No
92%
Germanic Languages Danish Yes
92%
Turkic Languages Dzongka No
92%
Austronesian Languages Esperanto No
92%
Romance Languages Romanian Yes
92%
Germanic Languages Finnish No
91%
Austronesian Languages Hindi No
91%
Austronesian Languages Mandarin Chinese No
91%
Slavic Languages Russian Yes
91%
Slavic Languages Armenian No
90%
Austronesian Languages Japanese No
90%
Niger-Congo Languages Tamil No
90%
Turkic Languages Tibetan No
90%
Slavic Languages Ukrainian Yes
90%
Slavic Languages Czech Yes
89%
Slavic Languages Serbo-Croatian Yes
89%
Niger-Congo Languages Afrikaans No
88%
Slavic Languages Karelian No
88%
Slavic Languages Polish Yes
88%
Turkic Languages Turkmen Yes
88%
Austronesian Languages Cantonese (Yue Chinese) No
87%
Austronesian Languages Dzongka No
87%
Niger-Congo Languages Farsi No
87%
Austronesian Languages Indonesian (Malay) Yes
87%
Niger-Congo Languages Malagasy No
87%
Slavic Languages Georgian No
86%
Austronesian Languages Javanese Yes
86%
Germanic Languages Swedish Yes
86%
Slavic Languages Bulgarian Yes
85%
Niger-Congo Languages Igbo Yes
85%
Turkic Languages Georgian No
83%
Turkic Languages Kyrgyz Yes
83%
Turkic Languages Azerbaijani Yes
82%
Slavic Languages Estonian No
82%
Turkic Languages Uyghur Yes
81%
Germanic Languages Afrikaans Yes
80%
Turkic Languages Armenian No
80%
Slavic Languages Albanian No
79%
Niger-Congo Languages Balochi No
79%
Germanic Languages Icelandic Yes
79%
Austronesian Languages Vietnamese No
79%
Turkic Languages Kazakh Yes
78%
Niger-Congo Languages Amharic No
76%
Niger-Congo Languages Kannada No
74%
Austronesian Languages Tagalog Yes
74%
Austronesian Languages Fijian Yes
72%
Romance Languages Romansh Yes
70%
Austronesian Languages Malagasy Yes
69%
Austronesian Languages Māori Yes
69%
Niger-Congo Languages Tswana Yes
68%
Niger-Congo Languages Shona Yes
67%
Turkic Languages Tatar Yes
67%
Niger-Congo Languages Hakka No
66%
Niger-Congo Languages Swahili Yes
66%
Slavic Languages Latvian No
62%
Austronesian Languages Sundanese Yes
61%
Niger-Congo Languages Zulu Yes
59%
Niger-Congo Languages Xhosa Yes
58%
Turkic Languages Kurdish No
56%
Austronesian Languages Hiri Motu Yes
47%
Niger-Congo Languages Oromo No
45%
Turkic Languages Tajik No
43%
No matching quizzes found
Score Distribution
Percent of People with Each Score
Percentile by Number Answered
Your Score History
You have not taken this quiz since the last reset